|
|
|
|
| LEADER |
00907nam a22002057a 4500 |
| 003 |
GR-PaULI |
| 005 |
20210117211018.0 |
| 007 |
ta |
| 008 |
191126s1967 gw f|||f |||| 001 0 ger d |
| 952 |
|
|
|0 0
|1 0
|2 nlm
|4 0
|6 QH_371_SAL
|7 1
|9 237403
|a MEDI
|b MEDI
|c DON
|d 2019-11-26
|i 1583
|l 0
|o QH 371 SAL
|p 025000175772
|r 2019-11-26 00:00:00
|t 1
|v 2019.00
|w 2019-11-26
|y BKN
|z Δωρεά Β. Βαλαώρα (αίθουσα δωρεών)
|
| 999 |
|
|
|c 143558
|d 143558
|
| 040 |
|
|
|a GR-PaULI
|b gre
|c GR-PaULI
|e AACR2
|
| 060 |
|
|
|a QH371
|
| 100 |
1 |
|
|9 178979
|a Sälzler, Anneliese,
|d 1927-
|e συγγραφέας
|
| 245 |
1 |
0 |
|a Ursachen und Erscheinungsformen der Akzeleration :
|b mit einer studie an kindern im kleinkindalter.
|
| 260 |
|
|
|a Berlin :
|b Veb Verlag Volk und Gesundheit,
|c 1967.
|
| 300 |
|
|
|a 200 σ. :
|b πίν. ;
|c 22 εκ.
|
| 650 |
|
4 |
|9 2368
|a Βιολογία
|x Εξέλιξη ανθρώπου
|
| 942 |
|
|
|2 nlm
|c BKN
|
| 998 |
|
|
|c ΜΑΝΙΑΚΗ
|d 2019
|